<?xml version="1.0" encoding="UTF-8"?>
<record
    xmlns:xsi="http://www.w3.org/2001/XMLSchema-instance"
    xsi:schemaLocation="http://www.loc.gov/MARC21/slim http://www.loc.gov/standards/marcxml/schema/MARC21slim.xsd"
    xmlns="http://www.loc.gov/MARC21/slim">

  <leader>00848cam a22002291  4500</leader>
  <controlfield tag="001">ne 68001525 </controlfield>
  <controlfield tag="003">DLC</controlfield>
  <controlfield tag="005">20260227111841.0</controlfield>
  <controlfield tag="008">901109s1962    ir            000 0 perr </controlfield>
  <datafield tag="010" ind1=" " ind2=" ">
    <subfield code="a">ne 68001525 </subfield>
  </datafield>
  <datafield tag="035" ind1=" " ind2=" ">
    <subfield code="a">(OCoLC)22659157</subfield>
  </datafield>
  <datafield tag="040" ind1=" " ind2=" ">
    <subfield code="a">DLC</subfield>
    <subfield code="c">CU</subfield>
    <subfield code="d">DLC</subfield>
  </datafield>
  <datafield tag="042" ind1=" " ind2=" ">
    <subfield code="a">premarc</subfield>
  </datafield>
  <datafield tag="050" ind1="0" ind2="0">
    <subfield code="a">PK6451.F44</subfield>
    <subfield code="b">Z9</subfield>
  </datafield>
  <datafield tag="100" ind1="1" ind2=" ">
    <subfield code="a">Y&#x16B;suf&#x12B;, Ghul&#x101;m &#x1E24;usayn.</subfield>
  </datafield>
  <datafield tag="245" ind1="1" ind2="0">
    <subfield code="a">Farrukh&#x12B; S&#x12B;st&#x101;n&#x12B; :</subfield>
    <subfield code="b">ba&#x1E25;s&#x332;&#x12B; dar shar&#x1E25;-i a&#x1E25;v&#x101;l va r&#x16B;zig&#x101;r va shi&#x2BB;r-i &#x16B; /</subfield>
    <subfield code="c">ta&#x2BC;l&#x12B;f-i Ghul&#x101;m&#x1E25;usayn Y&#x16B;suf&#x12B;.</subfield>
  </datafield>
  <datafield tag="260" ind1=" " ind2=" ">
    <subfield code="a">Mashhad,</subfield>
    <subfield code="b">Kitabfur&#x16B;sh&#x12B; B&#x101;st&#x101;n,</subfield>
    <subfield code="c">1341 [1962]</subfield>
  </datafield>
  <datafield tag="300" ind1=" " ind2=" ">
    <subfield code="a">16, 685 p.</subfield>
    <subfield code="c">25 cm.</subfield>
  </datafield>
  <datafield tag="500" ind1=" " ind2=" ">
    <subfield code="a">Added t. p.: Farrokhi-e Sist&#x101;ni, a survey of his life time and his time and his poetry, by Gholam-Hossein Yousofi.</subfield>
  </datafield>
  <datafield tag="504" ind1=" " ind2=" ">
    <subfield code="a">Bibliography: p. [619]-633.</subfield>
  </datafield>
  <datafield tag="600" ind1="1" ind2="0">
    <subfield code="a">Farrukh&#x12B;, &#x2BB;Al&#x12B; ibn J&#x16B;l&#x16B;gh,</subfield>
    <subfield code="d">-1037 or 1038.</subfield>
  </datafield>
  <datafield tag="999" ind1=" " ind2=" ">
    <subfield code="c">50321</subfield>
    <subfield code="d">50321</subfield>
  </datafield>
</record>
